000 00761nam a22002657a 4500
001 BR7705569
003 BR-BrBNA
005 20230928085449.0
007 ta
008 230509b bl.||||| |||| 00| 0 por d
040 _aBR-BrBNA
_bpor
_cBiblioteca Nacional de Agricultura
041 _a(Por)
072 _aD50; E10
_b/G514
090 _ D50 BR7705569
110 1 _aGoverno do Estado de Mato Grosso, Cuiaba (Brasil)
_95289
245 1 _aNovo codigo de terras do Estado de Mato Grosso. Lei no. 3.922 de 20 de Setembro de 1977 [Brasil]
260 3 _aCuiaba, MT (Brasil):
_c1977.
300 _a9 p.
650 _aLEI
650 _aESTRUTURA AGRARIA
650 _aTERRA
650 _aMATO GROSSO
909 _a202309
_bLucia
_c55
_dLucia Elande
942 _cBK
999 _c24562
_d24562